A cselédsor a Kiskunságon

Elmentve itt :
Bibliográfiai részletek
Szerző: Tálasi István
Dokumentumtípus: Cikk
Megjelent: 1935
Sorozat:Népünk és nyelvünk 7
Kulcsszavak:Néprajztudomány
Online Access:http://acta.bibl.u-szeged.hu/19938
LEADER 00553nab a2200169 i 4500
001 acta19938
005 20210712093432.0
008 161015s1935 hu o 0|| hun d
040 |a SZTE Egyetemi Kiadványok Repozitórium  |b hun 
041 |a hun 
100 1 |a Tálasi István 
245 1 2 |a A cselédsor a Kiskunságon  |h [elektronikus dokumentum] /  |c  Tálasi István 
260 |c 1935 
300 |a 227-239 
490 0 |a Népünk és nyelvünk  |v 7 
695 |a Néprajztudomány 
856 4 0 |u http://acta.bibl.u-szeged.hu/19938/1/nepunk_007_227-239.pdf  |z Dokumentum-elérés